00447nam a2200145Ia 4500008004100000020001800041100002900059245003000088260001600118500002400134650003500158942000700193952008400200999001700284230524s9999 xx 000 0 und d a9781476511557 aDavid J. Schwartz936619 4aThe Magic of Thinking Big bPocket Book aQuantity Number: 1 aPersonality Development936620 cBK 00104070aTATCLbTATCLcGENd2023-05-24l0p44972r2023-05-24w2023-05-24yBK c50668d50668